header

Rendering in SketchUp (Record no. 64935)

MARC details
000 -LEADER
fixed length control field 01641nam a2200349 a 4500
082 04 - DEWEY DECIMAL CLASSIFICATION NUMBER
Classification number 720.28/40285668
100 1# - MAIN ENTRY--AUTHOR NAME
Personal name Tal, Daniel,
245 10 - TITLE STATEMENT
Title Rendering in SketchUp
260 ## - PUBLICATION, DISTRIBUTION, ETC. (IMPRINT)
Place of publication Hoboken, N.J. :
Name of publisher Wiley,
Year of publication 2013.
300 ## - PHYSICAL DESCRIPTION
Number of Pages xii, 628 p. :
Other physical details col. ill.
500 ## - GENERAL NOTE
General note Includes index.
505 0# - FORMATTED CONTENTS NOTE
Formatted contents note pt. 1. Overview and concepts -- pt. 2. Textures -- pt. 3. Modeling detail -- pt. 4. Setting light with shadows -- pt. 5. The iterative rendering process -- pt. 6. Shaderlight by ArtVPS -- pt. 7. The Photoshop postproduction process -- pt. 8. Anatomy of a rendering.
650 #0 - SUBJECT ADDED ENTRY--TOPICAL TERM
Topical Term Architectural design
Topical Term Landscape architectural drawing
Topical Term Interior decoration
856 40 - ELECTRONIC LOCATION AND ACCESS
Uniform Resource Identifier http://site.ebrary.com/lib/rucke/Doc?id=10657945

No items available.

© 2026 Rongo University
Contact us: librarian | system librarian | Rongo university